000 00459cam a2200181ua 4500
001 1562
008 110712n ii |||gr||||Z||||||eng
040 _cMAIN
082 _a330.01
100 1 _aGoswami, Atul,
_eAuthor.
245 1 _aArthabigyanar mul tattva
_cby Atul Goswami
250 _a12th.
260 _aDibrugarh:
_bStudents emporium,
_c2001.
300 _a547p:
_bill;
_c23cm.
653 _aEconomics
653 _aprinciples of economics
942 _cBK
999 _c1449
_d1449